000 00325nam a22001457a 4500
008 221206b ||||| |||| 00| 0 eng d
020 _a9781681354255
041 _aeng
080 _2SECOND EDITION
_a575
082 _a575EAR
100 _a13
101 _aBIOKIMI
245 _aCHEMISTRY 122L
_cEARL K J
942 _2udc
_cBK
999 _c59109
_d59109